000 00408nam a2200157Ia 4500
008 240729s9999 xx 000 0 und d
022 _a1177-5483
245 0 _aClinical Ophthalmology
260 _aUnited Kingdom
260 _bDove Medical Press
650 _a Ophthalmology
650 _aMedicine
856 _uhttps://doaj.org/toc/1f13e7343b83440baf9b27628ed92668
942 _2ddc
942 _cDOAJEJ
999 _c73809
_d73809
945 _a1
_bMadushi Gamage
_c1
_dMadushi Gamage